Una escalera al cielo / (Registro nro. 13793)

000 -CABECERA
campo de control de longitud fija 01276nam a2200289 a 4500
001 - NÚMERO DE CONTROL
campo de control 1491869
003 - IDENTIFICADOR DEL NÚMERO DE CONTROL
campo de control OSt
005 - FECHA Y HORA DE LA ÚLTIMA TRANSACCIÓN
campo de control 20210917082638.0
008 - DATOS DE LONGITUD FIJA--INFORMACIÓN GENERAL
campo de control de longitud fija 150824s2014 ck gr 0001jdspa d
020 ## - NÚMERO INTERNACIONAL ESTÁNDAR DEL LIBRO
Número Internacional Estándar del Libro 9789584239440
040 ## - FUENTE DE LA CATALOGACIÓN
Centro catalogador/agencia de origen CO-BoBLA
Lengua de catalogación spa
Centro/agencia transcriptor CO-BqBPB
043 ## - CÓDIGO DE ÁREA GEOGRÁFICA
Código de área geográfica s-ck---
082 04 - NÚMERO DE LA CLASIFICACIÓN DECIMAL DEWEY
Número de clasificación JC
Número de documento/Ítem MENu
100 1# - ENTRADA PRINCIPAL--NOMBRE DE PERSONA
Nombre de persona Mendoza, Mario,
Fechas asociadas al nombre 1964-
240 10 - TÍTULO UNIFORME
Título uniforme Bogotá-Bibliografía regional
245 14 - MENCIÓN DE TÍTULO
Título Una escalera al cielo /
Mención de responsabilidad, etc. Mario Mendoza.
250 ## - MENCIÓN DE EDICIÓN
Mención de edición Segunda edición.
260 ## - PUBLICACIÓN, DISTRIBUCIÓN, ETC.
Lugar de publicación, distribución, etc. Bogotá :
Nombre del editor, distribuidor, etc. Editorial Planeta Colombiana,
Fecha de publicación, distribución, etc. 2014.
300 ## - DESCRIPCIÓN FÍSICA
Extensión 216 páginas ;
Dimensiones 23 cm.
490 1# - MENCIÓN DE SERIE
Mención de serie Autores Españoles e Iberoamericanos
500 ## - NOTA GENERAL
Nota general Un secreto carcome el alma de su poseedor, un personaje encuentra a su autor, en un hombre desilusionado renace la esperanza tras el contacto con la muerte, una mujer en estado de coma conoce el amor, una visión de la muerte desliga a dos amantes Éstas son imágenes instantáneas de la vida de hombres y mujeres atrapados por un destino y una ciudad, especie de condenados que de vez en cuando alcanzan a tomar las riendas de su existencia.
650 #4 - PUNTO DE ACCESO ADICIONAL DE MATERIA--TÉRMINO DE MATERIA
Término de materia o nombre geográfico como elemento de entrada Cuentos colombianos.
650 #4 - PUNTO DE ACCESO ADICIONAL DE MATERIA--TÉRMINO DE MATERIA
Término de materia o nombre geográfico como elemento de entrada Vida cotidiana
Subdivisión de forma Cuentos.
650 #4 - PUNTO DE ACCESO ADICIONAL DE MATERIA--TÉRMINO DE MATERIA
Término de materia o nombre geográfico como elemento de entrada Alucinaciones e ilusiones
Subdivisión de forma Cuentos.
942 ## - ELEMENTOS DE PUNTO DE ACCESO ADICIONAL (KOHA)
Fuente del sistema de clasificación o colocación
Tipo de ítem Koha Libro Literatura
949 ## - PROCESAMIENTO DE INFORMACIÓN LOCAL (OCLC)
a c
b c
Existencias
Estado de retiro Estado de pérdida Fuente del sistema de clasificación o colocación Estado dañado No para préstamo Código de colección Localización permanente Ubicación/localización actual Fecha de adquisición Fuente de adquisición Total de préstamos Renovaciones totales Signatura topográfica completa Código de barras Fecha visto por última vez Fecha del último préstamo Número de copia Precio válido a partir de Tipo de ítem Koha Nota pública En préstamo
          Literatura Juvenil Biblioteca Pública San Juan Bosco Biblioteca Pública San Juan Bosco 17/09/2021 COMPRA 8 1 JC MENu MOS501609 21/01/2026 14/10/2025 ej 1 17/09/2021 Libro Literatura Quince dias  
          Literatura Juvenil Biblioteca Pública San Juan Bosco Biblioteca Pública San Juan Bosco 17/09/2021 COMPRA 11 3 JC MENu MOS501610 20/05/2026 20/05/2026 ej 2 17/09/2021 Libro Literatura Quince dias 23/06/2026

© Todos los derechos reservados para la Biblioteca Pública Municipal San Juan Bosco, 2020
Secretaria de Cultura de Mosquera
Carrera 3 N° 10 Esquina Centro Cultural Barrio El Carmén Teléfono: 8270830 Ext: 34
Funcionando con KOHA
Contacto: Biblioteca Pública Municipal San Juan Bosco/ bibliotecasanjuanbosco@mosquera-cundinamarca.gov.co
Mosquera, Cundinamarca